| 000 | 00539nam a2200169 a 4500 | ||
|---|---|---|---|
| 005 | 20140412111312.0 | ||
| 008 | 010330s19uu xx 00 eng d | ||
| 020 | _a0-938256-40-8 | ||
| 050 |
_aTR(GS 414 _bG73 1990 |
||
| 100 | _aGregorich, Barbara | ||
| 245 |
_aShort vowels 1-3. / _cwritten by Barbara Gregorich ; edited by Joan Hoffman ; illustrated by Chris Cook. |
||
| 260 |
_aGrand Haven, MI : _bSchool Zone Publishing Company, _c1990. |
||
| 300 | _a32 p. | ||
| 440 | _aAn "I Know It!" Book | ||
| 650 | _aPhonics | ||
| 999 |
_c104032 _d104032 |
||